Investigating defects in commercial and industrial buildings (Record no. 109245)
[ view plain ]
| 000 -LEADER | |
|---|---|
| fixed length control field | 01621cam a22002655a 4500 |
| 001 - CONTROL NUMBER | |
| control field | L146621 |
| 008 - FIXED-LENGTH DATA ELEMENTS--GENERAL INFORMATION | |
| fixed length control field | 090210s2009 xxk ao f 001 0 eng d |
| 020 ## - INTERNATIONAL STANDARD BOOK NUMBER | |
| International Standard Book Number | 9781842194416 |
| 035 ## - SYSTEM CONTROL NUMBER | |
| System control number | (Sirsi) u146621 |
| 041 0# - LANGUAGE CODE | |
| Language code of text/sound track or separate title | eng |
| 050 04 - LIBRARY OF CONGRESS CALL NUMBER | |
| Classification number | 690.25 $2 18 |
| 100 1# - MAIN ENTRY--PERSONAL NAME | |
| Personal name | Rushton, Trevor |
| 245 00 - TITLE STATEMENT | |
| Title | Investigating defects in commercial and industrial buildings |
| 260 ## - PUBLICATION, DISTRIBUTION, ETC. | |
| Place of publication, distribution, etc. | Coventry |
| Name of publisher, distributor, etc. | RICS Books |
| Date of publication, distribution, etc. | 2009 |
| 300 ## - PHYSICAL DESCRIPTION | |
| Extent | xii, 244p. |
| Other physical details | ill. |
| Dimensions | 30cm. |
| 350 ## - PRICE (NR) (BK AM CF MU VM SE) [OBSOLETE] | |
| Price | 49.95 |
| 505 2# - FORMATTED CONTENTS NOTE | |
| Formatted contents note | Definitions and processes -- Corrosion -- Deterioration of concrete -- High Alumina Cement (HAC) concrete -- Glulam and box beams -- Asbestos cement and cement fibre roofing -- Profiled metal sheet roofing -- Roof drainage -- Flat roofing -- Masonry facades -- Applied exterior finishes -- Thin stone cladding -- Concrete cladding -- GRC cladding -- Curtain walling -- Insulating glass units -- Upper floor and roof decks -- Floor screeds and finishes -- Raised access floors -- Vibration in composite floors -- Ground bearing floor slabs -- Multi-storey car parks -- Glossary -- Further information -- Endnotes |
| 520 ## - SUMMARY, ETC. | |
| Summary, etc. | Aimed at building surveyors, engineers, and other built environment professionals, this book sets out essential information on forms of construction, aspects of design and problem areas in commercial and industrial buildings. The book is arranged by building element and follows a workflows structure, echoing the order of inspection in a building survey. |
| 521 ## - TARGET AUDIENCE NOTE | |
| Target audience note | Advanced |
| 590 ## - LOCAL NOTE (RLIN) | |
| Local note | KA |
| 651 #4 - SUBJECT ADDED ENTRY--GEOGRAPHIC NAME | |
| Geographic name | United Kingdom |
| Chronological subdivision | |
| 690 ## - LOCAL SUBJECT ADDED ENTRY--TOPICAL TERM (OCLC, RLIN) | |
| Topical term or geographic name as entry element | BUILT ENVIRONMENT-BUILDING PATHOLOGY |
| 942 ## - ADDED ENTRY ELEMENTS (KOHA) | |
| Suppress in OPAC | 0 |
| Withdrawn status | Lost status | Source of classification or shelving scheme | Damaged status | Not for loan | Home library | Current library | Shelving location | Date acquired | Total Checkouts | Full call number | Barcode | Date last seen | Copy number | Price effective from | Koha item type |
|---|---|---|---|---|---|---|---|---|---|---|---|---|---|---|---|
| Dewey Decimal Classification | London | London | RICS Boxes | 30/03/2009 | RICS 2009/4 | 30076334 | 06/08/2019 | 1 | 06/08/2019 | Archive | |||||
| Dewey Decimal Classification | London | London | Missing | 30/03/2009 | F690.25 RUS | 30076335 | 06/08/2019 | 1 | 06/08/2019 | Reference material |